000 00954cam a22002897a 4500
001 16640352
005 20180213083619.0
008 110207s2011 nyua b 001 0 eng d
010 _a 2011922375
020 _a9781617790737
020 _a1617790737
035 _a(OCoLC)ocn703374714
040 _aYDXCP
_cYDXCP
_dCUS
_dRML
_dDLC
041 _aeng
042 _alccopycat
060 4 _aQZ 25 C216 2011
080 _a573 REE
082 _a573 REE
100 _a11
101 _aBIO
245 0 0 _aCancer cytogenetics :
_cedited by Lynda J. Campbell..
504 _aIncludes bibliographical references and index.
776 0 8 _iOnline version:
_tCancer cytogenetics.
_b2nd ed.
_dNew York, N.Y. : Humana Press, c2011
_w(OCoLC)709610238
906 _a7
_bcbc
_ccopycat
_d2
_encip
_f20
_gy-gencatlg
942 _2ddc
_cBK
999 _c42415
_d42415